| 000 | 01485cas a2200373 a 4500 | ||
|---|---|---|---|
| 001 | 14177336 | ||
| 005 | 20180810070114.0 | ||
| 006 | m d | ||
| 007 | co ||||||||||| | ||
| 008 | 051122c20029999enkfr p 0 0eng c | ||
| 010 | _a 2006205092 | ||
| 022 | _a1475-9225 | ||
| 035 | _a(OCoLC)ocm50578551 | ||
| 040 |
_aEQO _beng _cEQO _dOCLCQ _dDLC _dNLGGC _dTBS _dWUOHS _dOCLCQ _dTULIB _dOCLCQ _dOCLCF _dOCLCQ _dCD6 _dPIFSG _dOCLCO _dMMV _dOCLCQ _dOCLCO _dCSA _dNJR _dCD5 _dGZH _dOCLCO |
||
| 041 | _aeng | ||
| 042 | _apcc | ||
| 080 | _a610.724 | ||
| 082 | 0 | 4 | _a610.724 |
| 100 | _a2 | ||
| 101 | _aSHM | ||
| 245 | 0 | 0 | _aClinical evidence concise : |
| 246 | 1 | 3 | _aInternational resource of the best available evidence for effective health care |
| 310 | _aSemiannual | ||
| 362 | 0 | _aIssue 7 (June 2002)- | |
| 530 | _aAlso issued online to registered users. | ||
| 580 | _aCompanion publication to: Clinical evidence. | ||
| 776 | 0 | 8 |
_iOnline version: _tClinical evidence concise _w(OCoLC)606052626 |
| 776 | 0 | 8 |
_iOnline version: _tClinical evidence concise _w(OCoLC)607748881 |
| 787 | 1 |
_tClinical evidence _x1462-3846 _w(DLC) 00252052 _w(OCoLC)42198597 |
|
| 906 |
_a7 _bcbc _cserials _d2 _encip _f20 _gn-oclcserc |
||
| 942 |
_2ddc _cBK |
||
| 999 |
_c47002 _d47002 |
||